Image chefs d'Etat de l'URSS et des USA pendant la guerre froide - Statistiques

Statistiques générales
  • Ce quiz a été pris 194 fois
  • Le résultat moyen est 10 sur 15
Statistiques - réponses
Par images Réponse % Correct
Joseph Staline
99%
John F. Kennedy
97%
Mikhaïl Gorbatchev
92%
Harry Truman
84%
Richard M. Nixon
83%
Ronald Reagan
82%
George Bush
78%
Dwight D. Eisenhower
66%
Nikita Khrouchtchev
65%
Jimmy Carter
60%
Lyndon B. Johnson
59%
Gerald R. Ford
56%
Iouri Andropov
37%
Leonid Brezhnev
37%
Konstantin Chernenko
14%
Aucun quiz correspondant
Distribution des résultats
% des personnes avec chaque résultat
Percentile par nombre de réponses
Votre historique - résultats
Vous n’avez pas pris ce quiz